Statistics for Most Common US City Names

Click here to take the quiz!

General Stats

  • This quiz has been taken 155 times
  • The average score is 6 of 26

Answer Stats

# Best Known City Name % Correct
24DCWashington
80%
28IllinoisSpringfield
80%
19MississippiJackson
63%
23WisconsinMadison
62%
25OregonSalem
53%
50South CarolinaGreenville
37%
18OhioDayton
31%
18KentuckyLexington
29%
18OhioCleveland
26%
30-Franklin
21%
20VermontBurlington
18%
20New HampshireManchester
17%
18CaliforniaRiverside
16%
29ArkansasClinton
15%
21TexasArlington
13%
24-Fairview
12%
22ConnecticutGeorgetown
11%
18AlabamaAuburn
9%
21MississippiOxford
8%
18DelawareMilford
7%
18New YorkKingston
6%
21-Marion
5%
19MissouriClayton
5%
19-Milton
5%
18-Centerville
5%
20-Ashland
3%

Score Distribution

Percentile by Number Answered

Percent of People with Each Score

Your Score History

You have not taken this quiz